00780 2200265 4500001002100000005001700021008004100038020002200079035002500101040001200126082001400138084001600152100002400168245010600192250001100298260003300309300002200342504003100364650003700395700001600432850001200448990001800460990001800478990001800496INLIS00000000001137920151013104512.0  a978-602-978-973-7 a0010-081500000002817 aYOPDYOG 223a371.2 a371.2 Jam T aJAMAL Makmur Asmani aTips praktik membangun dan mengelola administrasi sekolahc/ Jamal Makmur Asmani; editor, Virsya Hany aCet. 1 aYogyakartabDiva Pressc2011 a266 hlmc; 21 cm. aBibliografi : hlm. 235-238 aManajemen dan organisasi sekolah aVIRSYA Hany aYOPDYOG a49120-PD/A.15 a49121-PD/A.15 a49122-PD/A.15